000
00295nam a2200133Ia 4500
100
_a
Gottlieb/ I.M.
942
_c
BK
654
_a
Electronics
245
_a
Electronics Power Control
260
_b
Mc Graw Hill / Macmillan
_a
New York
_c
1993
300
_a
265
546
_a
ENGLISH
999
_c
32582
_d
32582